000 00642nam a2200193 a 4500
005 20140310183459.0
008 100223s19uu xx 00 eng d
020 _a13: 978-1-4239-0249-2
050 _aQA 76.73.B3
_b.Sm579 2009
100 _aSmith, Jo Ann
245 _aVisual basic programs to accompany programming logic and design. /
_cJo Ann Smith.
250 _a2nd. ed.
260 _aAustralia :
_bCOURSE TECHNOLOGY CENGAGE Learning,
_cc2009.
300 _a184 p. :
_bill. ;
_c24 cm.
521 _aIT
650 _aVisual Basic (computer program language). 2. Microsoft visual BASIC.
942 _cBK
_2lcc
_kFOR
999 _c23795
_d23795